[Event "DVM U10 2014"]
[Site "Magdeburg GER"]
[Date "2014.12.28"]
[Round "5"]
[White "Fricke, Janek Konrad"]
[Black "Pflugradt, Natalie"]
[Result "1-0"]
[Termination "normal"]
[Board "6.2"]
[WhiteElo "1225"]
[BlackElo "1025"]
[WhiteTeam "Schachunion Berlin 1"]
[BlackTeam "SG Blau-Weiß Stadtilm 1"]
[PlyCount "69"]
[WhiteFideId "12997471"]
[BlackFideId "16212444"]
[EventCountry "GER"]
[EventRounds "7"]
[EventType "team-swiss"]
[EventDate "2014.12.27"]

1. e4 e5 2. Nf3 Nc6 3. Bc4 Bc5 4. d3 h6 5. c3 Nf6 6. Nbd2 d6 7. h3 Be6 8. Bb3
Qd7 9. Nf1 O-O-O 10. Ne3 d5 11. Nxe5 Nxe5 12. d4 Bd6 13. exd5 Nxd5 14. Nxd5 Ng6
15. Qf3 Rde8 16. O-O Rhg8 17. Nf4 Kb8 18. Bxe6 fxe6 19. Nxg6 a6 20. Bf4 Bxf4
21. Qxf4 Qd6 22. Qxd6 cxd6 23. Rfe1 Kc7 24. Re2 Kd7 25. Rae1 b6 26. d5 exd5 27.
Rxe8 Rxe8 28. Rxe8 Kxe8 29. Nf4 Kd7 30. Nxd5 Kc6 31. Ne3 g6 32. Kf1 a5 33. Ke2
Kb5 34. Kd2 Kc6 35. g4 1-0

[Event "DVM U10 2014"]
[Site "Magdeburg GER"]
[Date "2014.12.28"]
[Round "5"]
[White "Werner, Linus"]
[Black "Kessen, Fanny"]
[Result "1-0"]
[Termination "normal"]
[Board "6.3"]
[WhiteElo "1104"]
[BlackElo "942"]
[WhiteTeam "SG Blau-Weiß Stadtilm 1"]
[BlackTeam "Schachunion Berlin 1"]
[PlyCount "86"]
[BlackFideId "16217357"]
[EventCountry "GER"]
[EventRounds "7"]
[EventType "team-swiss"]
[EventDate "2014.12.27"]

1. d4 d5 2. g3 Nf6 3. Bg2 g6 4. e3 Bg7 5. Ne2 O-O 6. O-O Nc6 7. b3 b6 8. c4 e6
9. Ba3 Re8 10. Nbc3 Ne7 11. Qd2 Bb7 12. c5 Nf5 13. Rac1 Ng4 14. Nb1 Qg5 15.
cxb6 Qh5 16. h3 Ngh6 17. g4 Qh4 18. gxf5 Nxf5 19. Rxc7 Reb8 20. Rfc1 Qg5 21.
Rd7 Nh4 22. Nf4 e5 23. Be7 f6 24. Kf1 exf4 25. Bh1 f3 26. Bd6 Re8 27. Bg3 Nf5
28. Rxb7 Nxg3+ 29. fxg3 Qxg3 30. bxa7 Bh6 31. Re1 Qxh3+ 32. Kg1 Bg5 33. Nc3 Bh4
34. Rf1 Rac8 35. Rxf3 Qg4+ 36. Bg2 f5 37. Nxd5 Rcd8 38. Nb6 Be7 39. a8=Q Bd6
40. Qa7 Be7 41. Rxe7 Rxe7 42. Qxe7 Rb8 43. Qc3 Rf8 1-0

[Event "DVM U10 2014"]
[Site "Magdeburg GER"]
[Date "2014.12.28"]
[Round "5"]
[White "Müller, Bennet"]
[Black "Schmidt, Pauline"]
[Result "1-0"]
[Termination "normal"]
[Board "6.4"]
[WhiteElo "600"]
[BlackElo "867"]
[WhiteTeam "Schachunion Berlin 1"]
[BlackTeam "SG Blau-Weiß Stadtilm 1"]
[PlyCount "111"]
[BlackFideId "16209850"]
[EventCountry "GER"]
[EventRounds "7"]
[EventType "team-swiss"]
[EventDate "2014.12.27"]

1. e4 e5 2. Nf3 Nc6 3. Bb5 Bc5 4. d3 h6 5. Bxc6 dxc6 6. Nxe5 Bxf2+ 7. Kxf2 Qd4+
8. Be3 Qxe5 9. Rf1 Qxb2 10. Nd2 Qe5 11. Nc4 Qf6+ 12. Ke1 Qe7 13. Bd4 Nf6 14. e5
Nd5 15. Qf3 Be6 16. Rb1 Qh4+ 17. Qf2 Qxf2+ 18. Rxf2 O-O 19. Rxb7 Rfb8 20. Rxb8+
Rxb8 21. Bxa7 Rb1+ 22. Kd2 Bg4 23. Ne3 Nxe3 24. Bxe3 Rb2 25. h3 Be6 26. a3 Bb3
27. Kc1 Ra2 28. cxb3 Rxa3 29. Rb2 Ra5 30. d4 f6 31. e6 Kf8 32. Re2 Ra1+ 33. Kc2
Ra2+ 34. Kd3 Ra3 35. Kc4 Ra5 36. Bf4 Ra8 37. e7+ Ke8 38. Bxc7 Ra7 39. Bf4 Rxe7
40. Rxe7+ Kxe7 41. Kc5 Kd7 42. d5 cxd5 43. Kxd5 g5 44. Bh2 h5 45. b4 g4 46. h4
Ke7 47. b5 Kd7 48. Kc5 Ke8 49. Kb6 f5 50. Ka7 f4 51. Bxf4 g3 52. b6 Kd7 53. b7
Ke6 54. b8=Q Kf5 55. Qe5+ Kg4 56. Qg5# 1-0

[Event "DVM U10 2014"]
[Site "Magdeburg GER"]
[Date "2014.12.28"]
[Round "5"]
[White "Noever, Niklas"]
[Black "Högner, Tom"]
[Result "1-0"]
[Termination "normal"]
[Board "7.1"]
[WhiteElo "1400"]
[BlackElo "1072"]
[WhiteTeam "Rheydter Schachverein 1920"]
[BlackTeam "SC Erlangen 48/88"]
[PlyCount "93"]
[WhiteFideId "12988642"]
[BlackFideId "12995436"]
[EventCountry "GER"]
[EventRounds "7"]
[EventType "team-swiss"]
[EventDate "2014.12.27"]

1. e4 e5 2. Nf3 Nc6 3. Bb5 Nf6 4. d3 a6 5. Ba4 b5 6. Bb3 Bc5 7. c3 O-O 8. O-O
Bb7 9. Be3 Qe7 10. Qe2 Rad8 11. Bxc5 Qxc5 12. Qe3 Qxe3 13. fxe3 Ng4 14. Re1 Ne7
15. h3 Nf6 16. Nxe5 d5 17. exd5 Bxd5 18. Nd2 Nc6 19. Nxc6 Bxc6 20. d4 Ne4 21.
Nxe4 Bxe4 22. a4 c6 23. axb5 axb5 24. Ra7 Ra8 25. Rea1 Rxa7 26. Rxa7 g6 27. Re7
Bd5 28. Bxd5 cxd5 29. Rd7 Re8 30. Kf2 Kg7 31. Rxd5 Rb8 32. b4 Kf6 33. Kf3 Ke6
34. Rc5 f5 35. Kf4 h6 36. Rc6+ Kd5 37. Rxg6 Kc4 38. Rc6+ Kb3 39. Kxf5 Re8 40.
e4 Rg8 41. e5 Rxg2 42. e6 Rg3 43. e7 Re3 44. Kf6 Rxc3 45. Rxc3+ Kxc3 46. e8=Q
Kxd4 47. Qxb5 1-0

[Event "DVM U10 2014"]
[Site "Magdeburg GER"]
[Date "2014.12.28"]
[Round "5"]
[White "Hetzner, Hannes"]
[Black "Bartels, Simon"]
[Result "0-1"]
[Termination "normal"]
[Board "7.2"]
[WhiteElo "969"]
[BlackElo "1235"]
[WhiteTeam "SC Erlangen 48/88"]
[BlackTeam "Rheydter Schachverein 1920"]
[PlyCount "106"]
[WhiteFideId "16211936"]
[BlackFideId "12990140"]
[EventCountry "GER"]
[EventRounds "7"]
[EventType "team-swiss"]
[EventDate "2014.12.27"]

1. e4 c5 2. Nf3 Nc6 3. Bb5 g6 4. d4 cxd4 5. Nxd4 Bg7 6. Nxc6 bxc6 7. Bc4 Nf6 8.
Nc3 O-O 9. O-O Nxe4 10. Nxe4 d5 11. Bxd5 Qxd5 12. Qxd5 cxd5 13. Nc3 Rd8 14. Bg5
Rd7 15. Rfe1 f6 16. Bh4 e5 17. Rad1 Bb7 18. Re2 Rb8 19. Red2 d4 20. f4 Rc7 21.
Nb5 Rc5 22. a4 Ba6 23. b4 Rc6 24. Rb1 Bxb5 25. axb5 Rxb5 26. fxe5 fxe5 27. Kf2
a5 28. Be7 Kf7 29. Bc5 Rcxc5 30. bxc5 Rxb1 31. Rd3 Rb5 32. c3 Rxc5 33. cxd4
exd4 34. Ke2 Rc3 35. Rd2 d3+ 36. Rxd3 Rxd3 37. Kxd3 a4 38. Kc2 Ke6 39. Kb1 Kd5
40. Ka2 Kc4 41. Ka3 Kb5 42. g3 Be5 43. Ka2 Kb4 44. h3 Bxg3 45. Ka1 Kb3 46. Kb1
Be5 47. h4 a3 48. h5 a2+ 49. Kc1 a1=Q+ 50. Kd2 Qc3+ 51. Kd1 Qc2+ 52. Ke1 Bg3+
53. Kf1 Qf2# 0-1

[Event "DVM U10 2014"]
[Site "Magdeburg GER"]
[Date "2014.12.28"]
[Round "5"]
[White "Leßmann, Sönke"]
[Black "Hetzner, Michael"]
[Result "1-0"]
[Termination "normal"]
[Board "7.3"]
[WhiteElo "1151"]
[BlackElo "905"]
[WhiteTeam "Rheydter Schachverein 1920"]
[BlackTeam "SC Erlangen 48/88"]
[PlyCount "77"]
[WhiteFideId "16222520"]
[EventCountry "GER"]
[EventRounds "7"]
[EventType "team-swiss"]
[EventDate "2014.12.27"]

1. e4 e5 2. Nf3 Nc6 3. Bc4 Nf6 4. Ng5 d5 5. exd5 Na5 6. Bb5+ c6 7. dxc6 bxc6 8.
Be2 h6 9. Nf3 Bd6 10. d4 Qe7 11. O-O c5 12. dxe5 Bxe5 13. Re1 O-O 14. Bb5 Bg4
15. Bf4 Bxf3 16. Qxf3 Rfe8 17. Rxe5 Qf8 18. Rxe8 Rxe8 19. Bxe8 Qxe8 20. Nd2 Nc6
21. Qe3 Qxe3 22. Bxe3 Nd7 23. Rd1 Kf8 24. Ne4 Ke8 25. Nxc5 Nxc5 26. Bxc5 f6 27.
b4 a5 28. b5 Nb8 29. b6 Nc6 30. b7 Kf7 31. Rd6 Nb8 32. Ba7 Ke7 33. Bxb8 Ke8 34.
Bc7 g5 35. b8=Q+ Ke7 36. Qd8+ Kf7 37. Rxf6+ Kg7 38. Qf8+ Kh7 39. Rxh6# 1-0

[Event "DVM U10 2014"]
[Site "Magdeburg GER"]
[Date "2014.12.28"]
[Round "5"]
[White "Grüninger, Nils"]
[Black "Noever, Jonas"]
[Result "1-0"]
[Termination "normal"]
[Board "7.4"]
[WhiteElo "848"]
[BlackElo "1034"]
[WhiteTeam "SC Erlangen 48/88"]
[BlackTeam "Rheydter Schachverein 1920"]
[PlyCount "45"]
[WhiteFideId "12942995"]
[BlackFideId "16266137"]
[EventCountry "GER"]
[EventRounds "7"]
[EventType "team-swiss"]
[EventDate "2014.12.27"]

1. e4 e5 2. Nf3 Nc6 3. Bc4 Nf6 4. Nc3 Nxe4 5. Nxe4 d5 6. Bxd5 Qxd5 7. Nc3 Qd8
8. O-O Bc5 9. Re1 Bd6 10. d4 O-O 11. dxe5 Bxe5 12. Nxe5 Nxe5 13. Qxd8 Rxd8 14.
Rxe5 a6 15. Bg5 f6 16. Rae1 fxg5 17. Rxg5 b5 18. Nd5 h6 19. Ne7+ Kf8 20. Rg3
Rd7 21. Rf3+ Ke8 22. Nxc8+ Kd8 23. Rf8# 1-0

[Event "DVM U10 2014"]
[Site "Magdeburg GER"]
[Date "2014.12.28"]
[Round "5"]
[White "Prieb, Robert"]
[Black "Zores, Kai"]
[Result "1-0"]
[Termination "normal"]
[Board "8.1"]
[WhiteElo "1396"]
[BlackElo "600"]
[WhiteTeam "SK Blauer Springer Paderborn 1"]
[BlackTeam "Hamburger SK 2"]
[PlyCount "103"]
[WhiteFideId "16212002"]
[EventCountry "GER"]
[EventRounds "7"]
[EventType "team-swiss"]
[EventDate "2014.12.27"]

1. d4 d5 2. c4 e6 3. Nc3 Nf6 4. Bg5 Be7 5. e3 Nc6 6. a3 O-O 7. Bd3 h6 8. Bh4 b6
9. Nge2 Ne8 10. Bxe7 Qxe7 11. O-O Nf6 12. Nf4 Rd8 13. Re1 e5 14. Nfxd5 Nxd5 15.
Nxd5 Qd6 16. dxe5 Qxe5 17. Qc2 Kf8 18. Rad1 Be6 19. Nf4 Bg4 20. f3 Bc8 21. Nd5
Ba6 22. Qc3 Qxc3 23. Nxc3 Ne5 24. Be4 Rxd1 25. Rxd1 Re8 26. b3 c6 27. h3 g6 28.
Kf2 f5 29. Bc2 Bc8 30. f4 Nf7 31. e4 h5 32. e5 g5 33. g3 h4 34. Kg2 Nh6 35.
fxg5 Nf7 36. gxh4 Nxe5 37. Kg3 Kg7 38. Rf1 Rf8 39. h5 Kh7 40. Ne2 a5 41. Nd4 c5
42. Nxf5 Kh8 43. Ne3 Rxf1 44. Nxf1 Kg7 45. h6+ Kh8 46. Ne3 Be6 47. Ng4 Nxg4 48.
hxg4 Kg8 49. g6 Kf8 50. Kf4 Ke7 51. h7 Kd7 52. h8=Q 1-0

[Event "DVM U10 2014"]
[Site "Magdeburg GER"]
[Date "2014.12.28"]
[Round "5"]
[White "Grabbel, Torben Frederik"]
[Black "Meier, Silas"]
[Result "0-1"]
[Termination "normal"]
[Board "8.2"]
[WhiteElo "600"]
[BlackElo "1278"]
[WhiteTeam "Hamburger SK 2"]
[BlackTeam "SK Blauer Springer Paderborn 1"]
[PlyCount "58"]
[WhiteFideId "16219180"]
[BlackFideId "16210662"]
[EventCountry "GER"]
[EventRounds "7"]
[EventType "team-swiss"]
[EventDate "2014.12.27"]

1. d4 Nf6 2. c4 g6 3. Nc3 Bg7 4. e3 d6 5. Nf3 O-O 6. Bd3 Nbd7 7. Qd2 e5 8. e4
exd4 9. Nxd4 Ne8 10. b4 Bxd4 11. Bb2 Bg7 12. O-O Ne5 13. Bc2 f5 14. Bb3 Kh8 15.
Rad1 Bd7 16. b5 Nf6 17. Qe3 Qe7 18. Ne2 Nxe4 19. Ba3 Qe8 20. Nf4 Bh6 21. Bb2
Bg7 22. Nd5 Qd8 23. Bd4 b6 24. Qe2 Re8 25. Bc2 Nf6 26. Rfe1 Nxd5 27. cxd5 Nf3+
28. Qxf3 Bxd4 29. Rxd4 Rxe1# 0-1

[Event "DVM U10 2014"]
[Site "Magdeburg GER"]
[Date "2014.12.28"]
[Round "5"]
[White "Bornemann, Malte"]
[Black "Müller, Linus"]
[Result "1-0"]
[Termination "normal"]
[Board "8.3"]
[WhiteElo "966"]
[BlackElo "600"]
[WhiteTeam "SK Blauer Springer Paderborn 1"]
[BlackTeam "Hamburger SK 2"]
[PlyCount "115"]
[WhiteFideId "16284470"]
[BlackFideId "16245946"]
[EventCountry "GER"]
[EventRounds "7"]
[EventType "team-swiss"]
[EventDate "2014.12.27"]

1. d4 d5 2. Nf3 Bg4 3. Bf4 Nf6 4. h3 Bh5 5. e3 e6 6. c3 a6 7. Be2 Nc6 8. Qb3
Rb8 9. Nbd2 Bd6 10. Bxd6 cxd6 11. O-O O-O 12. Bd3 Bg6 13. Bxg6 fxg6 14. Ng5 Nd7
15. Nxe6 Na5 16. Qxd5 Qb6 17. Nxf8+ Kxf8 18. b4 Nf6 19. Qf3 Nc6 20. Ne4 Qd8 21.
Ng5 Kg8 22. Ne4 Nxe4 23. Qxe4 d5 24. Qf3 Qd7 25. a4 b5 26. a5 Rf8 27. Qe2 Rf5
28. Qg4 Rf7 29. Qxd7 Rxd7 30. f3 Re7 31. Rfe1 Nd8 32. e4 dxe4 33. fxe4 Nf7 34.
e5 Ng5 35. h4 Ne6 36. g3 g5 37. Kh2 gxh4 38. gxh4 Nf4 39. Kg3 Nd3 40. Re3 Nb2
41. Rb1 Nc4 42. Re2 Na3 43. Rb3 Nc4 44. Kg4 Nd6 45. exd6 Rxe2 46. d7 Rg2+ 47.
Kh3 Rf2 48. d8=Q+ Rf8 49. Qxf8+ Kxf8 50. Rb2 Ke7 51. Rc2 Kd6 52. Kg4 Ke6 53.
Kg5 Kf7 54. Re2 h6+ 55. Kh5 Kg8 56. Kg6 Kf8 57. h5 Kg8 58. Re8# 1-0

[Event "DVM U10 2014"]
[Site "Magdeburg GER"]
[Date "2014.12.28"]
[Round "5"]
[White "Hiller, Klemens"]
[Black "Glinzner, Alva"]
[Result "0-1"]
[Termination "normal"]
[Board "9.1"]
[WhiteElo "1165"]
[BlackElo "1060"]
[WhiteTeam "SV Dresden-Leuben"]
[BlackTeam "Lübecker SV von 1873 1"]
[PlyCount "98"]
[WhiteFideId "16255739"]
[BlackFideId "16206169"]
[EventCountry "GER"]
[EventRounds "7"]
[EventType "team-swiss"]
[EventDate "2014.12.27"]

1. d4 c6 2. e4 d5 3. Nc3 dxe4 4. Nxe4 Bf5 5. Ng3 Bg6 6. Nf3 Nd7 7. Nh4 Ngf6 8.
Nxg6 hxg6 9. Be3 e6 10. Be2 Qc7 11. Qd2 Bd6 12. O-O Rh7 13. c4 b6 14. b4 Rd8
15. c5 bxc5 16. bxc5 Be7 17. Qb4 Ne4 18. f4 Nxg3 19. hxg3 f6 20. Kf2 Rb8 21.
Qc4 Kf7 22. Bd3 Rb2+ 23. Be2 Qb7 24. Bc1 Rb4 25. Qc3 Rb1 26. Rxb1 Qxb1 27. Qb2
Qxb2 28. Bxb2 Rh8 29. Bc4 Rf8 30. Re1 Rc8 31. Bxe6+ Ke8 32. Bc3 Rc7 33. Bxd7+
Kxd7 34. Rb1 Ke6 35. Re1+ Kd5 36. Rc1 f5 37. Kf3 Bf6 38. Ke3 g5 39. Kd3 Re7 40.
fxg5 Bxg5 41. Re1 Re4 42. Rxe4 fxe4+ 43. Ke2 Bf6 44. Ke3 Bd8 45. Bb4 Bg5+ 46.
Ke2 Bf6 47. Ke3 Bxd4+ 48. Kf4 e3 49. Kf3 Kc4 0-1

[Event "DVM U10 2014"]
[Site "Magdeburg GER"]
[Date "2014.12.28"]
[Round "5"]
[White "Wiedersich, Hendryk"]
[Black "Silini, Jalel"]
[Result "1-0"]
[Termination "normal"]
[Board "9.3"]
[WhiteElo "1004"]
[BlackElo "876"]
[WhiteTeam "SV Dresden-Leuben"]
[BlackTeam "Lübecker SV von 1873 1"]
[PlyCount "104"]
[WhiteFideId "16255399"]
[BlackFideId "16215397"]
[EventCountry "GER"]
[EventRounds "7"]
[EventType "team-swiss"]
[EventDate "2014.12.27"]

1. d4 d5 2. Bf4 Nf6 3. Nc3 Bf5 4. Nb5 e5 5. Bxe5 Bd6 6. Nxd6+ cxd6 7. Bf4 O-O
8. Nf3 Re8 9. e3 Qb6 10. b3 Nc6 11. Be2 Qb4+ 12. Qd2 Qxd2+ 13. Nxd2 Rad8 14.
O-O Ne4 15. Nf3 Nc3 16. Bd3 Bxd3 17. cxd3 Nb4 18. a3 Nc6 19. Rac1 Ne2+ 20. Kh1
Nxc1 21. Rxc1 f6 22. b4 g5 23. Bg3 h5 24. h3 g4 25. hxg4 hxg4 26. Nh4 Kf7 27.
Nf5 Rh8+ 28. Kg1 Ke6 29. e4 dxe4 30. dxe4 Rh7 31. d5+ Kf7 32. dxc6 Rdh8 33. f3
Rh1+ 34. Kf2 Rxc1 35. cxb7 Rb8 36. Nxd6+ Ke6 37. a4 Ra1 38. a5 f5 39. exf5+ Kd5
40. f6 Rxb7 41. Nxb7 Ke6 42. Bh4 gxf3 43. gxf3 Rd1 44. b5 Kf7 45. a6 Rd5 46. b6
Rd2+ 47. Ke3 Ra2 48. Nd6+ Kf8 49. b7 Rb2 50. Nc8 Rb3+ 51. Kd4 Rb4+ 52. Kc5 Rxh4
1-0

[Event "DVM U10 2014"]
[Site "Magdeburg GER"]
[Date "2014.12.28"]
[Round "5"]
[White "Senechal, Niklas Bennett"]
[Black "Phan Trong, Dai"]
[Result "0-1"]
[Termination "normal"]
[Board "9.4"]
[WhiteElo "757"]
[BlackElo "782"]
[WhiteTeam "Lübecker SV von 1873 1"]
[BlackTeam "SV Dresden-Leuben"]
[PlyCount "90"]
[WhiteFideId "16231180"]
[BlackFideId "16236939"]
[EventCountry "GER"]
[EventRounds "7"]
[EventType "team-swiss"]
[EventDate "2014.12.27"]

1. e4 e5 2. Nf3 Nc6 3. d4 exd4 4. Nxd4 Nxd4 5. Qxd4 Nf6 6. Bg5 Be7 7. Bc4 c5 8.
Qd3 d6 9. O-O O-O 10. Nc3 Be6 11. Bxe6 fxe6 12. Qg3 Nh5 13. Qg4 Bxg5 14. Qxh5
Qf6 15. Ne2 Qh6 16. Qxh6 Bxh6 17. f3 Be3+ 18. Kh1 e5 19. Rad1 Bf4 20. Rxd6 Rf6
21. Rxf6 gxf6 22. Nxf4 exf4 23. Rd1 b6 24. g3 fxg3 25. hxg3 Kg7 26. Kh2 Kg6 27.
Kh3 Kg5 28. Rd5+ Kg6 29. Kg4 Rg8 30. e5 Kf7+ 31. Kf4 Ke6 32. Rd6+ Ke7 33. Rxf6
h5 34. Rh6 Rf8+ 35. Ke3 Rg8 36. Kf2 Rd8 37. Rxh5 Rd2+ 38. Ke3 Rxc2 39. g4 Rxb2
40. Rf5 Rxa2 41. g5 Ke6 42. Ke4 Ra4+ 43. Kd3 Kxf5 44. g6 Kxg6 45. e6 Kf6 0-1

[Event "DVM U10 2014"]
[Site "Magdeburg GER"]
[Date "2014.12.28"]
[Round "5"]
[White "Wang, Xinyuan"]
[Black "Shevchenko, Alyona"]
[Result "1-0"]
[Termination "normal"]
[Board "10.1"]
[WhiteElo "1251"]
[BlackElo "1019"]
[WhiteTeam "SG Königskinder Hohentübingen"]
[BlackTeam "Karlsruher SF 1853"]
[PlyCount "57"]
[WhiteFideId "16221494"]
[BlackFideId "12983420"]
[EventCountry "GER"]
[EventRounds "7"]
[EventType "team-swiss"]
[EventDate "2014.12.27"]

1. d4 d5 2. Nf3 f6 3. e3 Nc6 4. c4 Be6 5. Nc3 dxc4 6. e4 Bg4 7. Be3 e5 8. Bxc4
Bd6 9. h3 Bh5 10. O-O Bb4 11. d5 Na5 12. Qa4+ c6 13. Qxb4 Nxc4 14. Qxc4 Bxf3
15. gxf3 cxd5 16. Nxd5 Ne7 17. Rfd1 Nxd5 18. Qxd5 Qe7 19. Bc5 Qc7 20. Qd6 Qxd6
21. Rxd6 b6 22. Bb4 O-O 23. Rc1 a5 24. Bd2 b5 25. Rc7 b4 26. Rdd7 g6 27. Rg7+
Kh8 28. Rxh7+ Kg8 29. Rcg7# 1-0

[Event "DVM U10 2014"]
[Site "Magdeburg GER"]
[Date "2014.12.28"]
[Round "5"]
[White "Dunder, Tim"]
[Black "Holubek, Oliver"]
[Result "1-0"]
[Termination "normal"]
[Board "10.3"]
[WhiteElo "830"]
[BlackElo "989"]
[WhiteTeam "SG Königskinder Hohentübingen"]
[BlackTeam "Karlsruher SF 1853"]
[PlyCount "62"]
[EventCountry "GER"]
[EventRounds "7"]
[EventType "team-swiss"]
[EventDate "2014.12.27"]

1. e4 e5 2. Nf3 Nc6 3. Bb5 Nf6 4. Nc3 Bc5 5. d4 exd4 6. Nxd4 O-O 7. Bxc6 bxc6
8. Nf3 Re8 9. O-O d5 10. e5 Ng4 11. Ng5 Rxe5 12. Qd3 Rxg5 13. Bxg5 Qxg5 14.
Rfe1 Bxf2+ 15. Kf1 Bxe1 16. Rxe1 Qf6+ 17. Ke2 c5 18. Nxd5 Qe6+ 19. Kd2 Qc6 20.
Qe4 Be6 21. Ne7+ Kf8 22. Qxc6 Rd8+ 23. Kc3 Kxe7 24. Qxc7+ Rd7 25. Qxc5+ Rd6 26.
Qxa7+ Rd7 27. Qc5+ Rd6 28. Rd1 Kf6 29. Qxd6 Ne3 30. Qf4+ Kg6 31. Qxe3 Bg4 1-0

[Event "DVM U10 2014"]
[Site "Magdeburg GER"]
[Date "2014.12.28"]
[Round "5"]
[White "Kiefhaber, Marlene"]
[Black "Aga, Kenan"]
[Result "0-1"]
[Termination "normal"]
[Board "10.4"]
[WhiteElo "865"]
[BlackElo "600"]
[WhiteTeam "Karlsruher SF 1853"]
[BlackTeam "SG Königskinder Hohentübingen"]
[PlyCount "54"]
[EventCountry "GER"]
[EventRounds "7"]
[EventType "team-swiss"]
[EventDate "2014.12.27"]

1. e4 e5 2. Nf3 Nc6 3. Nc3 Nf6 4. Nd5 Nxe4 5. Qe2 Nf6 6. d4 Nxd5 7. dxe5 Bc5 8.
Bg5 Nce7 9. Bxe7 Qxe7 10. O-O-O O-O 11. Rxd5 c6 12. Rd3 d6 13. exd6 Bxd6 14.
Qd2 Bc5 15. Be2 Bf5 16. Rc3 Bxf2 17. Rd1 Rad8 18. Rd3 Bxd3 19. Bxd3 Be3 20.
Qxe3 Qxe3+ 21. Nd2 Qf2 22. Rf1 Qxg2 23. Ne4 Rxd3 24. cxd3 Qxf1+ 25. Kc2 Rd8 26.
Ng3 Qxd3+ 27. Kc1 Qd1# 0-1

[Event "DVM U10 2014"]
[Site "Magdeburg GER"]
[Date "2014.12.28"]
[Round "5"]
[White "Müller, Richard"]
[Black "Hundrieser, Malte"]
[Result "0-1"]
[Termination "normal"]
[Board "11.1"]
[WhiteElo "1187"]
[BlackElo "1630"]
[WhiteTeam "ESV Nickelhütte Aue"]
[BlackTeam "SV Roter Turm Halle 1"]
[PlyCount "48"]
[WhiteFideId "12963364"]
[BlackFideId "12997153"]
[EventCountry "GER"]
[EventRounds "7"]
[EventType "team-swiss"]
[EventDate "2014.12.27"]

1. e4 c5 2. Nc3 d6 3. Bc4 Nf6 4. Nf3 g6 5. O-O Bg7 6. e5 dxe5 7. Nxe5 O-O 8.
Re1 Nbd7 9. Nxd7 Qxd7 10. d3 b6 11. Bf4 Bb7 12. Ne4 Bxe4 13. dxe4 Rfd8 14. Qf3
e6 15. Bg5 Re8 16. Rad1 Qa4 17. Bb3 Qc6 18. Bf4 c4 19. Rd6 Qc5 20. Ba4 Qb4 21.
Bd2 Qxd6 22. Bxe8 Rxe8 23. Rd1 Rd8 24. Qe3 Qd4 0-1

[Event "DVM U10 2014"]
[Site "Magdeburg GER"]
[Date "2014.12.28"]
[Round "5"]
[White "Wittig, Marten"]
[Black "Fahsel, Hannes"]
[Result "1/2-1/2"]
[Termination "normal"]
[Board "11.2"]
[WhiteElo "965"]
[BlackElo "988"]
[WhiteTeam "SV Roter Turm Halle 1"]
[BlackTeam "ESV Nickelhütte Aue"]
[PlyCount "64"]
[EventCountry "GER"]
[EventRounds "7"]
[EventType "team-swiss"]
[EventDate "2014.12.27"]

1. e4 e5 2. Nf3 Nc6 3. Bb5 d6 4. Bxc6+ bxc6 5. Nc3 Rb8 6. O-O Ba6 7. d3 h6 8.
b3 Nf6 9. Be3 Rb7 10. Qd2 Be7 11. Rfe1 O-O 12. d4 Qb8 13. dxe5 dxe5 14. Nxe5
Rd8 15. Qc1 Bb4 16. Bd2 Rd6 17. Rd1 Qd8 18. Nf3 g5 19. Ne2 Bxd2 20. e5 Bxe2 21.
Rxd2 Rxd2 22. Nxd2 Ng4 23. Qe1 Qd4 24. Rb1 Qxe5 25. g3 Ba6 26. h3 Qxe1+ 27.
Rxe1 Nf6 28. Nf3 Rb4 29. Nd2 Rd4 30. Nf3 Rd5 31. c4 Rd6 32. Ne5 Rd2 {nicht mehr
nachvollziehbar} 1/2-1/2

[Event "DVM U10 2014"]
[Site "Magdeburg GER"]
[Date "2014.12.28"]
[Round "5"]
[White "Schurig, Tom"]
[Black "Pietsch, Julius"]
[Result "1/2-1/2"]
[Termination "normal"]
[Board "11.3"]
[WhiteElo "600"]
[BlackElo "1009"]
[WhiteTeam "ESV Nickelhütte Aue"]
[BlackTeam "SV Roter Turm Halle 1"]
[PlyCount "48"]
[BlackFideId "12985660"]
[EventCountry "GER"]
[EventRounds "7"]
[EventType "team-swiss"]
[EventDate "2014.12.27"]

1. e4 c5 2. Nf3 d6 3. Bb5+ Bd7 4. Bxd7+ Nxd7 5. O-O Ngf6 6. Nc3 e6 7. d4 cxd4
8. Nxd4 Be7 9. Nce2 O-O 10. Bd2 Qc7 11. Nc3 a6 12. Nf3 b5 13. Re1 Ng4 14. g3
Qc5 15. Be3 Nxe3 16. Rxe3 b4 17. Na4 Qb5 18. b3 Bf6 19. c4 bxc3 20. Nxc3 Qb4
21. Qd2 Qc5 22. Qd3 Qc6 23. Rc1 Qb7 24. -- Be7 1/2-1/2

[Event "DVM U10 2014"]
[Site "Magdeburg GER"]
[Date "2014.12.28"]
[Round "5"]
[White "Pietsch, Johann"]
[Black "Schröter, Lucas"]
[Result "1-0"]
[Termination "normal"]
[Board "11.4"]
[WhiteElo "971"]
[BlackElo "955"]
[WhiteTeam "SV Roter Turm Halle 1"]
[BlackTeam "ESV Nickelhütte Aue"]
[PlyCount "57"]
[WhiteFideId "12987000"]
[EventCountry "GER"]
[EventRounds "7"]
[EventType "team-swiss"]
[EventDate "2014.12.27"]

1. e4 e5 2. Nf3 Nc6 3. Bc4 Be7 4. Nc3 d6 5. d3 Bf6 6. Be3 Bd7 7. Ne2 h6 8. c3
Na5 9. Bd5 Ne7 10. b4 Nxd5 11. exd5 e4 12. Nfd4 Bxd4 13. Nxd4 c6 14. bxa5 cxd5
15. dxe4 dxe4 16. Qc2 d5 17. O-O h5 18. -- h4 19. f3 h3 20. g3 O-O 21. Ne2 Bb5
22. Rad1 Rc8 23. Qb3 Bxe2 24. Rxd5 Qf6 25. Bd4 Qf5 26. Rxf5 Bxf1 27. Kxf1 Rfe8
28. Qxf7+ Kh8 29. Qxg7# 1-0

[Event "DVM U10 2014"]
[Site "Magdeburg GER"]
[Date "2014.12.28"]
[Round "5"]
[White "Grund, Sebastian"]
[Black "von Asow, Till"]
[Result "1-0"]
[Termination "normal"]
[Board "12.1"]
[WhiteElo "1810"]
[BlackElo "1091"]
[WhiteTeam "MTV 1876 Saalfeld"]
[BlackTeam "SpVgg Rommelshausen"]
[PlyCount "103"]
[WhiteFideId "12988626"]
[BlackFideId "16257162"]
[EventCountry "GER"]
[EventRounds "7"]
[EventType "team-swiss"]
[EventDate "2014.12.27"]

1. Nf3 c5 2. g3 d6 3. Bg2 Nc6 4. O-O Nf6 5. c4 g6 6. d4 cxd4 7. Nxd4 Nxd4 8.
Qxd4 Bg7 9. Nc3 O-O 10. a3 Ng4 11. Qd2 Nf6 12. b4 a6 13. Bb2 a5 14. Nd5 Nxd5
15. Bxg7 Kxg7 16. Qxd5 e6 17. Qd4+ e5 18. Qc3 Qf6 19. bxa5 Ra7 20. Rfd1 Rd8 21.
c5 d5 22. Bxd5 Bh3 23. Bg2 Rxd1+ 24. Rxd1 Bxg2 25. Kxg2 Qc6+ 26. f3 f6 27. Qb4
Qa6 28. Rd7+ Kh8 29. Qd2 g5 30. Rc7 Ra8 31. Qc2 f5 32. Qb2 Re8 33. Rxb7 h5 34.
Qb5 Qxb5 35. Rxb5 Rc8 36. a6 Ra8 37. c6 Rxa6 38. c7 Rc6 39. Rb8+ Kg7 40. c8=Q
Rxc8 41. Rxc8 Kf7 42. a4 Ke7 43. a5 Kd7 44. Rc1 e4 45. a6 exf3+ 46. exf3 g4 47.
a7 gxf3+ 48. Kxf3 Ke6 49. a8=Q Kf6 50. Qa6+ Ke7 51. Rc7+ Kd8 52. Qc8# 1-0

[Event "DVM U10 2014"]
[Site "Magdeburg GER"]
[Date "2014.12.28"]
[Round "5"]
[White "Ruppert, Jeremy"]
[Black "Gräf, Patrick"]
[Result "1-0"]
[Termination "normal"]
[Board "12.2"]
[WhiteElo "1056"]
[BlackElo "930"]
[WhiteTeam "SpVgg Rommelshausen"]
[BlackTeam "MTV 1876 Saalfeld"]
[PlyCount "69"]
[EventCountry "GER"]
[EventRounds "7"]
[EventType "team-swiss"]
[EventDate "2014.12.27"]

1. e4 e5 2. Nf3 Nf6 3. Nxe5 Nxe4 4. Qe2 Qe7 5. Qxe4 d6 6. Qa4+ Bd7 7. Qd4 Qxe5+
8. Qxe5+ dxe5 9. Bc4 Bb4 10. c3 Ba5 11. O-O O-O 12. Re1 Nc6 13. Bb5 Rfe8 14. b4
Bb6 15. a4 a5 16. bxa5 Rxa5 17. Na3 Raa8 18. Nc4 Bc5 19. d4 exd4 20. Rxe8+ Rxe8
21. Bb2 dxc3 22. Bxc3 Bf5 23. a5 Rd8 24. a6 Nb4 25. Bxb4 Bd4 26. Rd1 Bc2 27.
Rd2 c6 28. Ba4 Rd7 29. Re2 Bc5 30. Nb2 Bd1 31. Re8+ Bf8 32. a7 h6 33. Nd3 b5
34. a8=Q c5 35. Rxf8+ 1-0